000 00504nam a2200157 a 4500
001 000017505
005 20200929165133.0
008 100326s1965 dr 000 0 spa d
040 _aDO-SdBNP
_bspa
_cBNPHU
082 _axxx
_bB265n
100 1 _aBarón Goico, Héctor
_930818
245 1 0 _aNueva guía policial :
_bensayo de codificación de las leyes penales dominicanas /
_cHéctor Barón Goico.
260 _aSanto Domingo :
_bEditora del Caribe,
_c1965.
300 _a329 p. ;
_c25 cm.
049 _aBNPD
999 _c17030
_d17030